[Event "AUTO-OPEN-441"]
[Site "http://www.queenalice.com/game.php?id=125563"]
[Date "2006.11.5"]
[Round "1"]
[White "prmntgen"]
[Black "AcademiaAraxaenseXadrez"]
[Result "0-1"]
[WhiteElo "1691"]
[BlackElo "1500"]

1. d4 d5 2. c4 c6 3. Nc3 Nf6 4. e3 Bf5 5. Nf3 e6 6. Bd3 Bg6 7. Bxg6 hxg6 8. O-O
Bd6 9. b3 Nbd7 10. Re1 Qc7 11. g3 Nh5 12. c5 Bxg3 13. fxg3 Nxg3 14. hxg3 Qxg3+
15. Kf1 O-O-O 16. Qe2 Rh1+ 0-1

[Event "AUTO-OPEN-441"]
[Site "http://www.queenalice.com/game.php?id=125564"]
[Date "2006.11.5"]
[Round "1"]
[White "AcademiaAraxaenseXadrez"]
[Black "prmntgen"]
[Result "1-0"]
[WhiteElo "1796"]
[BlackElo "1719"]

1. e4 e5 2. Nf3 Nc6 3. Bc4 Nf6 4. Ng5 d5 5. exd5 Nxd5 6. Nxf7 Kxf7 7. Qf3+ Ke6
8. Nc3 Nd4 9. Bxd5+ Kd6 10. Qe4 Nxc2+ 11. Qxc2 c6 12. Bb3 Qg5 13. d4 Qxg2 14.
dxe5+ Kc7 15. Rf1 Bh3 16. Qe2 Bb4 17. Bf4 Rhf8 18. Bg3 Rae8 19. Rc1 Bd6 20. Nb5+
Kb8 21. Nxd6 Re7 22. Kd2 Qf3 23. Qxf3 Rxf3 24. Rfe1 1-0

[Event "AUTO-OPEN-441"]
[Site "http://www.queenalice.com/game.php?id=125587"]
[Date "2006.11.5"]
[Round "1"]
[White "AcademiaAraxaenseXadrez"]
[Black "marcolll9"]
[Result "1-0"]
[WhiteElo "1818"]
[BlackElo "1795"]

1. e4 e6 2. e5 d5 3. exd6 Bxd6 4. Nc3 Nf6 5. d4 Nc6 6. Bb5 Bd7 7. Nf3 a6 8. Ba4
O-O 9. Bg5 h6 10. Bh4 Be7 11. Qd2 Ne4 12. Bxe7 Nxd2 13. Bxd8 Nxf3+ 14. gxf3
Raxd8 15. O-O-O Nb4 16. a3 Bxa4 17. Nxa4 Nd5 18. Nc5 Rd6 19. Nxb7 Rb6 20. Na5
Rfb8 21. Nb3 Nf6 22. Rhg1 Nh5 23. Rde1 Nf4 24. Rg4 Nh3 25. Rg3 Nf4 26. Re4 Nh5
27. Rh4 Nxg3 28. fxg3 a5 29. d5 exd5 30. Ra4 d4 31. Rxd4 c5 32. Rc4 Rb5 33. a4
Rb4 34. Rxc5 Rxa4 35. Nxa5 Rd8 36. b3 Ra1+ 37. Kb2 Rh1 38. b4 Rxh2 39. b5 Rd6
40. Rc6 Rd5 41. Rb6 Rdd2 42. Rc6 Rd5 43. Rb6 Rg2 44. Nc6 Rdd2 45. Rb8+ Kh7 46.
Nb4 Rd1 47. b6 Rgd2 48. b7 Rd7 49. Rh8+ Kxh8 50. b8=Q+ Kh7 51. Nd3 Rg1 52. Qf4
Rb7+ 53. Kc3 Rc7+ 54. Qxc7 1-0

[Event "AUTO-OPEN-441"]
[Site "http://www.queenalice.com/game.php?id=125588"]
[Date "2006.11.5"]
[Round "1"]
[White "marcolll9"]
[Black "AcademiaAraxaenseXadrez"]
[Result "1/2-1/2"]
[WhiteElo "1716"]
[BlackElo "1903"]

1. d4 d5 2. Nf3 c5 3. c3 Nf6 4. Bg5 h6 5. Bh4 Bg4 6. e3 Nc6 7. h3 Bh5 8. Be2 e6
9. Qb3 b6 10. g4 Bg6 11. Bb5 Rc8 12. Qa4 Qc7 13. Ne5 Be4 14. f3 g5 15. fxe4 gxh4
16. Nxc6 Qg3+ 17. Kf1 Nxe4 18. Qc2 Qf3+ 19. Kg1 Qxe3+ 20. Kg2 Qg3+ 1/2-1/2

[Event "Challenge"]
[Site "http://www.queenalice.com/game.php?id=129576"]
[Date "2006.11.15"]
[Round "-"]
[White "AcademiaAraxaenseXadrez"]
[Black "mahloni"]
[Result "0-1"]
[WhiteElo "1857"]
[BlackElo "1391"]

1. e4 c5 2. Nf3 Nc6 3. c3 d5 4. exd5 Qxd5 5. d4 Bg4 6. Be2 O-O-O 7. O-O e6 8. h3
Bh5 9. Be3 Nf6 10. Nbd2 cxd4 11. cxd4 Bd6 12. Rc1 Bc7 13. Ng5 Bxe2 14. Qxe2 Nxd4
15. Bxd4 Qxg5 16. Nf3 Qa5 17. Bxf6 gxf6 18. Qc2 Kb8 19. b4 Qb6 20. Qc3 e5 21. a4
e4 22. a5 Qd6 23. Rfd1 Qxd1+ 24. Rxd1 Rxd1+ 25. Ne1 Be5 26. Qe3 Rc8 27. f4 Bd4
28. Kf2 Bxe3+ 0-1

[Event "Challenge"]
[Site "http://www.queenalice.com/game.php?id=133710"]
[Date "2006.11.25"]
[Round "-"]
[White "AcademiaAraxaenseXadrez"]
[Black "Admilton"]
[Result "1-0"]
[WhiteElo "1820"]
[BlackElo "1381"]

1. e4 e5 2. Nf3 Nc6 3. Bc4 Qe7 4. d4 Qb4+ 5. Nbd2 exd4 6. Ng5 Ne5 7. a3 Qc5 8.
Bb3 Ng4 9. Qxg4 d6 10. Qh5 g6 11. Bxf7+ Kd7 12. Qg4+ Kd8 13. Ne6+ Bxe6 14. Qxe6
Qc6 15. Bxg8 Qd7 16. Nb3 Qxe6 17. Bxe6 Be7 18. Nxd4 Bf6 19. Be3 Re8 20. Bd5 c6
21. Nxc6+ bxc6 22. Bxc6 Rc8 23. Bxe8 Kxe8 24. O-O-O Rc7 25. Rxd6 1-0

[Event "Challenge"]
[Site "http://www.queenalice.com/game.php?id=137803"]
[Date "2006.12.6"]
[Round "-"]
[White "debia"]
[Black "AcademiaAraxaenseXadrez"]
[Result "0-1"]
[WhiteElo "1249"]
[BlackElo "1845"]

1. e3 e5 2. d4 exd4 3. exd4 d5 4. Qe2+ Be7 5. a3 Nc6 6. c3 Bf5 7. Nd2 Nf6 8.
Ngf3 O-O 9. h3 Bd6 10. b3 Re8 11. Ne4 Bxe4 12. Nd2 Bc2 13. Ne4 Rxe4 14. Be3 Bxb3
15. Kd2 Bc4 16. Qe1 Qe7 17. f3 Bxf1 18. Rxf1 Re8 19. fxe4 Nxe4+ 20. Kc2 Nf6 21.
Qd1 Qxe3 22. Re1 Qf2+ 23. Kb3 Rxe1 24. Qxe1 Qxe1 25. Rxe1 Ne4 26. Re3 Bf4 27.
Rf3 Nd2+ 28. Ka4 Nxf3 29. gxf3 h5 30. Kb5 Bd2 31. c4 dxc4 32. Kxc4 f5 33. d5
Ne5+ 34. Kc5 Nxf3 35. a4 f4 36. Kb5 Ng1 37. h4 f3 38. a5 f2 39. a6 f1=Q+ 40. Kc5
Qc1+ 41. Kd4 Qc3+ 42. Ke4 Kf7 43. axb7 Qe3+ 44. Kf5 g6# 0-1

[Event "Challenge"]
[Site "http://www.queenalice.com/game.php?id=138427"]
[Date "2006.12.8"]
[Round "-"]
[White "scalanguin"]
[Black "AcademiaAraxaenseXadrez"]
[Result "1-0"]
[WhiteElo "1223"]
[BlackElo "1833"]

1. d4 d5 2. c4 c6 3. Bf4 f6 4. Nf3 Bg4 5. e3 e5 6. dxe5 Nd7 7. exf6 Ngxf6 8. Be2
Qa5+ 9. Nbd2 Bb4 10. a3 Bxd2+ 11. Nxd2 Bxe2 12. Qxe2 O-O 13. O-O Rae8 14. cxd5
Nxd5 15. Qc4 Nb6 16. Qc1 Nxf4 17. exf4 Rxf4 18. b4 Qd5 19. Nf3 Re6 20. Qxf4 Rf6
21. Qb8+ Kf7 22. Ne5+ Ke7 23. Qxb7+ Kf8 24. Rfe1 Qd4 25. Qb8+ Ke7 26. Nxc6+ 1-0

[Event "Araxa 2"]
[Site "http://www.queenalice.com/game.php?id=138542"]
[Date "2006.12.8"]
[Round "-"]
[White "AcademiaAraxaenseXadrez"]
[Black "alvarogoulart"]
[Result "1-0"]
[WhiteElo "1790"]
[BlackElo "1771"]

1. e4 e5 2. Nf3 Nf6 3. Nxe5 Qe7 4. d4 d6 5. Nf3 Qxe4+ 6. Be3 Ng4 7. Bd3 Nxe3 8.
Bxe4 Nxd1 9. Kxd1 Bg4 10. Bxb7 Bxf3+ 11. gxf3 Kd7 12. Nc3 c6 13. Kd2 Be7 14.
Rhe1 Bg5+ 15. Kd3 Na6 16. Bxa6 Rab8 17. Bc4 Rxb2 18. Bb3 Rb8 19. Na4 R2xb3+ 20.
axb3 Bf6 21. Nc3 Rb4 22. Rxa7+ Kd8 23. Ne4 Rxd4+ 24. Ke3 c5 25. Nxf6 gxf6 26.
Rxf7 f5 27. Rxf5 Ke7 28. c3 Rh4 29. Kd3+ Kd7 30. Re4 Rxh2 31. Rf7+ Kc6 32. Re6
Kd5 33. Rff6 Rh5 34. Rxd6+ Ke5 35. Rde6+ Kd5 36. c4# 1-0

[Event "Araxa 1"]
[Site "http://www.queenalice.com/game.php?id=138543"]
[Date "2006.12.8"]
[Round "-"]
[White "alvarogoulart"]
[Black "AcademiaAraxaenseXadrez"]
[Result "0-1"]
[WhiteElo "1812"]
[BlackElo "1814"]

1. e4 e5 2. Nf3 Nc6 3. Bb5 Nd4 4. Nxd4 exd4 5. d3 a6 6. Bc4 Bc5 7. Bf4 d6 8. Qh5
Qe7 9. O-O Nf6 10. Qg5 Be6 11. Bxe6 fxe6 12. e5 Nd5 13. Qxe7+ Kxe7 14. Bg5+ Kd7
15. Nd2 h6 16. Bh4 Rhf8 17. exd6 Bxd6 18. Ne4 Rf7 19. Rae1 Raf8 20. Nxd6 cxd6
21. a3 e5 22. Re2 b5 23. Rc1 Nf6 24. Bxf6 Rxf6 25. f3 g5 26. Rf1 g4 27. Ref2
gxf3 28. Rxf3 Ke6 29. Rxf6+ Rxf6 30. g4 d5 31. Rf2 e4 32. dxe4 dxe4 33. h4 Rg6
34. Rg2 Ke5 35. g5 hxg5 36. h5 Rg8 37. h6 Kf4 38. h7 Rh8 39. Rh2 g4 40. Rh4 Kf3
41. Rh6 e3 42. Kf1 a5 43. Rf6+ Kg3 44. Rf7 Kh2 45. Rg7 g3 46. Rb7 g2+ 47. Ke2
g1=Q 48. Rxb5 Qf2+ 0-1

[Event "Challenge"]
[Site "http://www.queenalice.com/game.php?id=147354"]
[Date "2006.12.28"]
[Round "-"]
[White "Dylan93"]
[Black "AcademiaAraxaenseXadrez"]
[Result "1-0"]
[WhiteElo "1634"]
[BlackElo "1853"]

1. e4 e5 2. Nf3 Nc6 3. Bc4 Bc5 4. d3 d6 5. Ng5 Qf6 6. O-O Be6 7. Nxe6 fxe6 8.
Nc3 Nge7 9. Qe2 O-O 10. Be3 Bb6 11. Rad1 Rf7 12. Bxb6 axb6 13. a3 Nd4 14. Qd2
Raf8 15. b4 Qg6 16. Qc1 Nf3+ 17. Kh1 Nh4 18. g3 Nf3 19. Qe3 Qh5 20. h4 Rf6 21.
Kg2 Nxh4+ 22. gxh4 1-0

[Event "Challenge"]
[Site "http://www.queenalice.com/game.php?id=149302"]
[Date "2007.1.2"]
[Round "-"]
[White "lolothebest"]
[Black "AcademiaAraxaenseXadrez"]
[Result "0-1"]
[WhiteElo "1496"]
[BlackElo "1810"]

1. e4 e5 2. Nc3 Nf6 3. Nf3 Bc5 4. Nxe5 d6 5. Nf3 Bg4 6. h3 Bh5 7. g4 Bg6 8. Rh2
Nc6 9. Bb5 O-O 10. h4 Nxg4 11. Rg2 Nxf2 12. Rxf2 Bxf2+ 13. Kxf2 f5 14. Ke1 fxe4
15. Nxe4 Bxe4 16. Ng5 Bg2 17. c3 Qe7+ 0-1

[Event "AUTO-OPEN-441"]
[Site "http://www.queenalice.com/game.php?id=283673"]
[Date "2007.10.9"]
[Round "3"]
[White "Lima7"]
[Black "AcademiaAraxaenseXadrez"]
[Result "1-0"]
[WhiteElo "1821"]
[BlackElo "1810"]

1. e4 e6 2. d4 d5 3. exd5 exd5 4. Nf3 Nf6 5. Bd3 Nc6 6. O-O Bg4 7. c3 Be7 8. Re1
O-O 9. Nbd2 Re8 10. Qc2 Bd6 11. Rxe8+ Qxe8 12. h3 Bh5 13. b4 Qd7 14. b5 Ne7 15.
Ne5 Bxe5 16. dxe5 Ne8 17. Bxh7+ Kh8 18. Bd3 c6 19. a4 Nc7 20. Ba3 Bg6 21. bxc6
bxc6 22. Rb1 Bxd3 23. Qxd3 Ng6 24. Nf3 Ne6 25. Bd6 Ngf4 26. Qa6 Qc8 27. Qxc8+
Rxc8 28. Kf1 c5 29. Rb7 d4 30. cxd4 1-0

[Event "AUTO-OPEN-441"]
[Site "http://www.queenalice.com/game.php?id=283674"]
[Date "2007.10.9"]
[Round "3"]
[White "AcademiaAraxaenseXadrez"]
[Black "Lima7"]
[Result "0-1"]
[WhiteElo "1828"]
[BlackElo "1790"]

1. e4 e5 2. Nf3 Nc6 3. Bc4 Nf6 4. Ng5 d5 5. exd5 Na5 6. Bb5+ c6 7. dxc6 bxc6 8.
Qf3 Be7 9. Bxc6+ Nxc6 10. Qxc6+ Bd7 11. Qc4 O-O 12. d3 Rc8 13. Qb3 Ng4 14. Ne4
Be6 15. Qa4 f5 16. Ng3 e4 17. dxe4 fxe4 18. O-O Bc5 19. Nxe4 Qc7 20. Ng3 Bxf2+
21. Rxf2 Rxf2 22. Nc3 Rcf8 23. h3 Qxg3 0-1